01289nam a22003017a 4500003000400000005001700004008004100021040002200062082001800084100002500102245003000127260006000157300002100217366000800238490002900246505001200275505008200287505022900369505001200598650005500610650004700665650004800712650004300760650004500803650005600848650004700904700003600951OSt20230622104809.0221006b |||||||| |||| 00| 0 eng d cBiblioteca Lado V a709.05bG851a aGriffin, Timeeditor aArtforum/bInternacional/ aNew Yorkc2002bNew York editorial and business offices c26.5x27cma184p. eeng aOCTUBREv2002x0864-1315 tLETTERS tCOLUMNSaFIRST BREAK FILM NEWS BOOKS HOTLIST SLANT TOP TEN 10-20-30-40 tFEATURESaGOLDIN'S YEARS: NAN GOLDIN IN RETROSPECT BAND OF OUTSIDERS: THE ART OF KAI ALTHOFF A THOUSAND WORDS: SANTIAGO SIERRA ARTISTS CURATE: ROAD FOOD FOUR OF A KIND: THE ART OF BLINKY PALERMO OPENINGS: STEVEN SHEARER tREVIEWS 2Tesauro de Arte & ArquitecturaaARTE COMTEMPORANEO 2Tesauro de Arte & ArquitecturaaFOTOGRAFIA 2Tesauro de Arte & ArquitecturaaARTE VISUAL 2Tesauro de Arte & ArquitecturaaLIBROS 2Tesauro de Arte & ArquitecturaaNOTICIAS 2 Tesauro de Arte & ArquitecturaaARTE INTERNACIONAL 2 Tesauro de Arte & ArquitecturaaESCULTURA aNavarreta, Jose Antonioeeditor